000 00260nam a2200133Ia 4500
100 _aCatalogue/ Guide
942 _cBK
654 _aSteelway
245 _aSteelway
260 _bQueens Gate Work
082 _a624.1
_bSta
546 _aENGLISH
999 _c18104
_d18104